000 00434nam a2200157 4500
001 121579
003 ES-MaACL
005 20230906191758.0
007 t|
008 070214q1953 sp r ||||1| spa d
100 1 _aPorras Moya, V.
_993156
245 1 0 _aSeis danzas españolas /
_cV. Porras Moya.
260 _aMadrid :
_bUnión Musical Española,
_c[1953?]
300 _a21 p. ;
_c33 cm.
852 _aES-MaACL
_j1718-F-15
_bR.34843
999 _c121579
_d121579